| 000 | 01473nam a2200349Ia 4500 | ||
|---|---|---|---|
| 001 | ebr10275897 | ||
| 003 | CaPaEBR | ||
| 006 | m u | ||
| 007 | cr cn||||||||| | ||
| 008 | 080114s2008 gw a sb 001 0 eng d | ||
| 010 | _z 2008001709 | ||
| 020 | _z3110200546 | ||
| 020 | _z9783110200546 | ||
| 040 |
_aCaPaEBR _cCaPaEBR |
||
| 035 | _a(OCoLC)567903856 | ||
| 050 | 1 | 4 |
_aBL619.F85 _bC66 2008eb |
| 245 | 0 | 0 |
_aCommemorating the dead _h[electronic resource] : _btexts and artifacts in context : studies of Roman, Jewish, and Christian burials / _cedited by Laurie Brink and Deborah Green ; with an introduction by Richard Saller. |
| 260 |
_aBerlin ; _aNew York : _bWalter de Gruyter, _cc2008. |
||
| 300 |
_axiv, 386 p. : _bill. (some col.) |
||
| 504 | _aIncludes bibliographical references (p. [341]-378) and index. | ||
| 533 |
_aElectronic reproduction. _bPalo Alto, Calif. : _cebrary, _d2011. _nAvailable via World Wide Web. _nAccess may be limited to ebrary affiliated libraries. |
||
| 650 | 0 | _aBurial. | |
| 650 | 0 |
_aFuneral rites and ceremonies _zRome. |
|
| 650 | 0 | _aJewish funeral rites and ceremonies. | |
| 650 | 0 | _aFuneral rites and ceremonies. | |
| 650 | 0 | _aFuneral service. | |
| 655 | 7 |
_aElectronic books. _2local |
|
| 700 | 1 |
_aBrink, Laurie, _d1961- |
|
| 700 | 1 | _aGreen, Deborah A. | |
| 710 | 2 | _aebrary, Inc. | |
| 856 | 4 | 0 |
_uhttp://site.ebrary.com/lib/rucke/Doc?id=10275897 _zAn electronic book accessible through the World Wide Web; click to view |
| 999 |
_c5462 _d5462 |
||